000 01431nam a22002537a 4500
999 _c60930
_d60930
003 Ge_BSU
005 20231121141722.0
008 231121s2022 ge ||||| |||| 00| 0 geo d
041 _ageo
080 _a616.314-089.23(075.8) ტ-77
100 _aტრეზუბოვი, ვლადიმერი
_920442
245 _aორთოპედიული სტომატოლოგია :
_bსახელმძღვანელო /
_cვლადიმერ ტრეზუბოვი, ანატოლი შჩერბაკოვი, ლეონიდ მიშნევი.
250 _aმეშვიდე გადამუშავებული და შევსებული გამოცემა
264 _aთბილისი :
_bმთაწმინდელი,
_c2022.
300 _a380 გვ.:
_bილ.;
_c30 სმ.
504 _aბიბლიოგრ. გვ. 372
653 _aორთოპედიული სტომატოლოგია
653 _aორთოდონტია
653 _aკბილების პროტეზირება
653 _aყბა სახის ტრავმატოლოგია
700 _aშჩერბაკოვი, ანატოლი
_eავტორი
_920443
700 _aმიშნევი, ლეონიდ
_eავტორი.
_920444
942 _2udc
_cᲬᲘᲒᲜᲘ